000 00413nam a2200181Ia 4500
005 20240823062944.0
008 240823s9999||||xx |||||||||||||| ||und||
041 _aENGLISH
082 _A621.1 N6
100 _aKhurmi R S
245 0 _aSteam Tables
250 _a1st-R
260 _c1996
_b"S.Chand,New Delhi"
500 _aTransfered
650 _aSteam Table
_bMechanical
942 _cBK
999 _c237107
_d237107